LEADER 00912nam0-22002771i-450- 001 990006172560403321 005 19980601 035 $a000617256 035 $aFED01000617256 035 $a(Aleph)000617256FED01 035 $a000617256 100 $a19980601d1957----km-y0itay50------ba 105 $a----m---00-yy 200 1 $a<>Wirkungen des Zwangsvollstreckungsverbotes unter Ehagatten auf die Forderungsabtretung$edissertation... der Universitat Zurich...$fErnst Bruno Battiag. 210 $aWinterthur$cKeller$d1957 215 $a61 p.$d24 cm 676 $a346.016 700 1$aBättig,$bErnst Bruno$0406286 801 0$aIT$bUNINA$gRICA$2UNIMARC 901 $aBK 912 $a990006172560403321 952 $aDISSERT. A 87$b53661$fFGBC 959 $aFGBC 996 $aWirkungen des Zwangsvollstreckungsverbotes unter Ehagatten auf die Forderungsabtretung$9647359 997 $aUNINA DB $aGIU01 LEADER 03890oam 22005774a 450 001 9910504305003321 005 20230703175522.0 010 $a0-7006-0357-3 035 $a(CKB)5600000000014924 035 $a(OCoLC)1289916925 035 $a(MdBmJHUP)musev2_94112 035 $a(oapen)https://directory.doabooks.org/handle/20.500.12854/88505 035 $a(MiAaPQ)EBC7047007 035 $a(Au-PeEL)EBL7047007 035 $a(Perlego)3564525 035 $a(oapen)doab88505 035 $a(OCoLC)1431977954 035 $a(EXLCZ)995600000000014924 100 $a19880205d1988 uy 0 101 0 $aeng 135 $aur|||||||nn|n 181 $ctxt$2rdacontent 182 $cc$2rdamedia 183 $acr$2rdacarrier 200 10$aKenekuk the Kickapoo Prophet$fJoseph B. Herring 205 $a1st ed. 210 $cUniversity Press of Kansas$d1988 210 1$cUniversity Press of Kansas,$d1988.$aLawrence, Kan. : 215 $a1 online resource (xii, 176 p.) $cill. ; 300 $aIncludes index. 311 08$a0-7006-3154-2 311 08$a0-7006-3097-X 320 $aBibliography: p. 157-167. 330 $aMost of the Native Americans whose names we remember were warriors?Tecumseh, Black Hawk, Sitting Bull, Crazy Horse, Geronimo?men who led their people in a desperate defense of their lands and their way of life. But as Alvin Josephy has written, ?Some of the Indians? greatest patriots died unsung by white men, and because their peoples were also obliterated, or almost so, their names are forgotten.?Kenekuk was one of those unsung patriots. Leader of the Vermillion Band Kickapoos and Potawatomis from the 1820s to 1852, Kenekuk is today little known, even in the Midwest where his people settled. His achievements as the political and religious leader of a native community have been largely overlooked. Yet his leadership, which transcended one of the most difficult periods in Native American history?that of removal?was no less astute and courageous than that of the most warlike chief, and his teachings continued to guide his people long after his death. In his policies as well as his influence he was unique among Native Americans. In this sensitive and revealing biography, Joseph Herring and explores Kenekuk?s rise to power and astute leadership, as well as tracing the evolution of his policy of acculturation. This strategy proved highly effective in protecting Kenekuk?s people against the increasingly complex, intrusive, and hostile white world. In helping his people adjust to white society and retain their lands without resorting to warfare or losing their identity, the Kickapoo Prophet displayed exceptional leadership, both secular and religious. Unlike the Shawnee Prophet and his brother Tecumseh, whose warlike actions proved disastrous for their people, Kenekuk always stressed peace and outward cooperation with whites. Thus, by the time of his death in 1852, Kenekuk had prepared his people for the challenge of maintaining a separate and unique native way of life within a dominant white culture. While other bands disintegrated because they either resisted cultural innovations or assimilated under stress, the Vermillion Kickapoos and Potawatomis prospered. 606 $aKickapoo Indians$xHistory 606 $aPotawatomi Indians$xBiography 606 $aIndians of North America$zGreat Plains$xHistory 606 $aKickapoo Indians$xBiography 615 0$aKickapoo Indians$xHistory. 615 0$aPotawatomi Indians$xBiography. 615 0$aIndians of North America$xHistory. 615 0$aKickapoo Indians$xBiography. 676 $a978/.00497 676 $aB 700 $aHerring$b Joseph B.$f1947-$01072090 801 0$bMdBmJHUP 801 1$bMdBmJHUP 906 $aBOOK 912 $a9910504305003321 996 $aKenekuk the Kickapoo Prophet$92568247 997 $aUNINA LEADER 01916nam 22006373 450 001 9910427721803321 005 20230621135934.0 010 $a9791036569456 024 8 $ahttps://doi.org/10.5281/zenodo.4338468 035 $a(CKB)4100000011679281 035 $a(FrMaCLE)OB-ariadnaediciones-8043 035 $a(oapen)https://directory.doabooks.org/handle/20.500.12854/87192 035 $a(MiAaPQ)EBC7174922 035 $a(Au-PeEL)EBL7174922 035 $a(OCoLC)1369654479 035 $a(PPN)25590634X 035 $a(ScCtBLL)70fbb1e7-c64e-4717-bd3e-65833a553a5a 035 $a(oapen)doab87192 035 $a(EXLCZ)994100000011679281 100 $a20230317d2021 uy 0 101 0 $aeng 135 $auu||||||m|||| 181 $ctxt$2rdacontent 182 $cc$2rdamedia 183 $acr$2rdacarrier 200 12$aA Southern Perspective on Development Studies 210 $aSantiago$cAriadna Ediciones$d2021 210 1$aSantiago :$cAriadna Ediciones,$d2021. 210 4$d©2021. 215 $a1 online resource (257 p.) 225 1 $aFilosofía 311 08$a9789566095095 311 08$a9566095090 330 $aundefined 606 $aPolitical Science Public Admin. & Development 606 $aLatin America 606 $aSocial Sciences 606 $athought 606 $asociology of development 610 $aLatin America 610 $aSocial Sciences 610 $athought 610 $asociology of development 615 4$aPolitical Science Public Admin. & Development 615 4$aLatin America 615 4$aSocial Sciences 615 4$athought 615 4$asociology of development 700 $aMallorqui?n$b Carlos$00 801 0$bMiAaPQ 801 1$bMiAaPQ 801 2$bMiAaPQ 906 $aBOOK 912 $a9910427721803321 996 $aA Southern Perspective on Development Studies$93037054 997 $aUNINA